[Event "minimini turnament"]
[Site "SchemingMind.com"]
[Date "2009.11.22"]
[Round "-"]
[White "capablanca"]
[Black "MOIMOI"]
[Result "1-0"]
[WhiteCountry "GER"]
[BlackCountry "POL"]
[WhiteElo "1616"]
[WhiteRD "52"]
[BlackElo "1575"]
[BlackRD "53"]
[GameID "227871"]

1. c4 g6 2. Nc3 Bg7 3. g3 Nf6 4. Bg2 d6 5. d4 c6 6. Qc2 Bf5 7. e4 Bd7 8. Bd2 Ng4 9. Nf3 b5 10. cxb5 cxb5
11. e5 Nc6 12. exd6 exd6 13. d5 Nb4 14. Qe4+ Ne5 15. O-O O-O 16. Qxb4 Nd3 17. Qb3 a6 18. Ne1 Nc5 19. Qc2 Bf5 20. Qc1 Re8
21. b4 Rxe1 22. Qxe1 Nd3 23. Qe3 Rc8 24. Ne4 Bxa1 25. Rxa1 Ne5 26. Bf1 Ng4 27. Qd4 Rc2 28. Bd3 Bxe4 29. Bxc2 Bxc2 30. Qxg4 Qf6
31. Qc8+ Kg7 32. Bc3
1-0

[Event "minimini turnament"]
[Site "SchemingMind.com"]
[Date "2009.11.22"]
[Round "-"]
[White "MOIMOI"]
[Black "capablanca"]
[Result "1/2-1/2"]
[WhiteCountry "POL"]
[BlackCountry "GER"]
[WhiteElo "1575"]
[WhiteRD "53"]
[BlackElo "1616"]
[BlackRD "52"]
[GameID "227872"]

1. e4 c5 2. Bc4 Nc6 3. Nf3 g6 4. Ng5 e6 5. d3 Bg7 6. c3 d5 7. exd5 exd5 8. Bb5 Bd7 9. O-O Nge7 10. Nf3 O-O
11. Bg5 Qc7 12. Re1 Nf5 13. Bxc6 Bxc6 14. d4 cxd4 15. cxd4 Qb6 16. Be3 Nxe3 17. Rxe3 Rfe8 18. Rb3 Qc7 19. Nbd2 Ba4 20. Rc1 Qd6
21. Rcc3 Bxb3 22. Rxb3 b6 23. h4 Rac8 24. Nf1 Qf4 25. Rc3 Rxc3 26. bxc3 Rc8 27. Qc2 Bxd4 28. Nxd4 Qxd4 29. Qe2 Qxh4 30. Qe5 Qe4
31. Qf6 Re8 32. Ne3 Qb1+ 33. Kh2 Qxa2 34. Ng4 h5 35. Nh6+ Kh7 36. Nxf7 Qe2 37. f4 Qe7 38. Ng5+ Kh6 39. Nf7+=
1/2-1/2

[Event "minimini turnament"]
[Site "SchemingMind.com"]
[Date "2009.11.25"]
[Round "-"]
[White "XTC"]
[Black "capablanca"]
[Result "1-0"]
[WhiteCountry "COL"]
[BlackCountry "GER"]
[WhiteElo "1818"]
[WhiteRD "48"]
[BlackElo "1597"]
[BlackRD "55"]
[GameID "228127"]

1. e4 c5 2. Nf3 g6 3. d4 cxd4 4. Nxd4 Bg7 5. c4 Nc6 6. Be3 Nf6 7. Nc3 a6 8. f3 O-O 9. Be2 e5 10. Nxc6 dxc6
11. O-O Be6 12. b3 Qxd1 13. Raxd1 Rfd8 14. Rxd8+ Rxd8 15. Rd1 Rxd1+ 16. Nxd1 Kf8 17. Bc5+ Ke8 18. Nc3 b5 19. a4 Nd7 20. Be3 bxc4
21. Bxc4 Bxc4 22. bxc4 Bf8 23. Kf2 Bc5 24. Bxc5 Nxc5 25. g3 Kd7 26. Ke3 Kd6 27. f4 exf4+ 28. gxf4 f6 29. h3 Ne6 30. e5+ fxe5
31. Ne4+ Ke7 32. fxe5 a5 33. h4 Ng7 34. Nf6 Nf5+ 35. Kf4 Nxh4 36. Nxh7 Ke6 37. Ng5+ Ke7 38. Ke4 Nf5 39. Nf3 Ng7 40. Nd4 Ne6
41. Nxc6+ Kd7 42. Nxa5 Nc5+ 43. Kd5 Nxa4 44. e6+ Ke7 45. Nc6+ Ke8 46. Ne5 g5 47. c5 Nc3+ 48. Kc4 Ne4 49. Kd4 Nf6 50. Nf7 g4
51. c6 g3 52. c7 g2 53. c8=Q+ Ke7 54. Ke5 g1=Q 55. Qd8#
1-0

[Event "minimini turnament"]
[Site "SchemingMind.com"]
[Date "2009.11.25"]
[Round "-"]
[White "XTC"]
[Black "MOIMOI"]
[Result "1-0"]
[WhiteCountry "COL"]
[BlackCountry "POL"]
[WhiteElo "1739"]
[WhiteRD "49"]
[BlackElo "1575"]
[BlackRD "53"]
[GameID "228128"]

1. e4 d6 2. d4 e6 3. Nf3 g6 4. Nc3 Bg7 5. Bc4 Nf6 6. Bg5 Qd7 7. O-O h6 8. Bxf6 Bxf6 9. Re1 b6 10. h3 Bb7
11. d5 e5 12. a3 Na6 13. Bb5 c6 14. dxc6 Bxc6 15. Bxa6 O-O 16. Qd3 Be7 17. Nd5 f5 18. Nxe7+ Qxe7 19. Qc4+ Kh7 20. Qxc6 fxe4
21. Rxe4 Rad8 22. Rae1 Qg7 23. Rd1 Rf6 24. Qd5 Rc8 25. Bxc8
1-0

[Event "minimini turnament"]
[Site "SchemingMind.com"]
[Date "2009.11.25"]
[Round "-"]
[White "capablanca"]
[Black "XTC"]
[Result "0-1"]
[WhiteCountry "GER"]
[BlackCountry "COL"]
[WhiteElo "1616"]
[WhiteRD "52"]
[BlackElo "1739"]
[BlackRD "49"]
[GameID "228129"]

1. e4 e5 2. Nf3 Nc6 3. c3 Nf6 4. d4 Nxe4 5. d5 Nb8 6. Qe2 f5 7. Nxe5 Bc5 8. Nd3 O-O 9. Nxc5 Nxc5 10. Qc4 d6
11. Be2 a6 12. O-O Bd7 13. Re1 Bb5 14. Qd4 Re8 15. Bxb5 Rxe1+ 16. Bf1 Rxc1
0-1

[Event "minimini turnament"]
[Site "SchemingMind.com"]
[Date "2009.11.25"]
[Round "-"]
[White "MOIMOI"]
[Black "XTC"]
[Result "0-1"]
[WhiteCountry "POL"]
[BlackCountry "COL"]
[WhiteElo "1568"]
[WhiteRD "51"]
[BlackElo "1818"]
[BlackRD "48"]
[GameID "228130"]

1. Nf3 Nf6 2. g3 d6 3. d4 g6 4. Bg2 Bg7 5. O-O O-O 6. b3 Nc6 7. h4 Bg4 8. Bb2 e6 9. c4 Ne7 10. Nbd2 c6
11. e4 Nd7 12. Qc2 Bxf3 13. Nxf3 e5 14. Rae1 f6 15. dxe5 fxe5 16. Bc1 c5 17. Ng5 Qb6 18. Ne6 Rf7 19. Bg5 Bf6 20. f4 exf4
21. Rxf4 Nc6 22. Ref1 Nd4 23. Qd1 Nxe6 24. Rxf6 Nxf6 25. Rxf6 Nxg5 26. hxg5 Rxf6 27. gxf6 Rf8 28. Qd5+ Kh8 29. e5 dxe5 30. f7 Qc7
31. Bh3 Rxf7 32. Be6 Rf6 33. g4 Qe7 34. Bc8 b6 35. Qa8 Rf8 36. Qc6 e4 37. Be6 Rf6 38. Qa8+ Kg7 39. Bd5 e3 40. g5 Rf8
41. Qc6 e2
0-1

[Event "minimini turnament"]
[Site "SchemingMind.com"]
[Date "2009.12.02"]
[Round "-"]
[White "somar96"]
[Black "XTC"]
[Result "0-1"]
[WhiteCountry "POL"]
[BlackCountry "COL"]
[WhiteElo "1890"]
[WhiteRD "56"]
[BlackElo "1818"]
[BlackRD "48"]
[GameID "228971"]

1. e4 e5 2. Nf3 Nc6 3. d4 exd4 4. Nxd4 Nf6 5. Nxc6 bxc6 6. e5 Qe7 7. Qe2 Nd5 8. c4 Nb6 9. Nc3 d5 10. exd6 cxd6
11. Qxe7+ Bxe7 12. Bd3 Ba6 13. b3 d5 14. Be3 Bf6 15. Bd2 dxc4 16. bxc4 Bxc4 17. Bxc4 Nxc4 18. O-O-O Nxd2 19. Kxd2 O-O-O+ 20. Kc2 Bxc3
21. Kxc3 Rxd1 22. Rxd1 Re8 23. Rd2 Kc7 24. h4 f5 25. g3 g6 26. Kc4 Re4+ 27. Kc5 Re5+ 28. Kc4 a5 29. Rb2 h6 30. Kd4 Rd5+
31. Kc4 Re5 32. Kd4 Re4+ 33. Kd3 h5 34. Rc2 Kd6 35. f3 Re1 36. Rg2 c5 37. Kc3 a4 38. Kc4 Rb1 39. Rd2+ Kc6 40. Re2 Rc1+
41. Kd3 Kd5 42. Re8 c4+ 43. Kd2 Rg1 44. Ke2 Rg2+ 45. Ke3 Rxg3 46. Rd8+ Kc5 47. Kf4 Rg2 48. Ke5 Rxa2 49. Rc8+ Kb4 50. Kf6 Rf2
51. Kxg6 Rxf3 52. Kxh5 a3 53. Rb8+ Kc3 54. Kg5 a2 55. Ra8 Kb2 56. h5 c3 57. h6 c2 58. Rb8+ Rb3 59. Rc8 c1=Q+ 60. Rxc1 Kxc1
61. h7 a1=Q 62. h8=Q Qxh8 63. Kxf5 Rb5+ 64. Ke4 Qh4+ 65. Kf3 Kd2 66. Kg2 Qg4+ 67. Kf2 Rf5#
0-1

[Event "minimini turnament"]
[Site "SchemingMind.com"]
[Date "2009.12.01"]
[Round "-"]
[White "somar96"]
[Black "MOIMOI"]
[Result "1-0"]
[WhiteCountry "POL"]
[BlackCountry "POL"]
[WhiteElo "1914"]
[WhiteRD "62"]
[BlackElo "1575"]
[BlackRD "53"]
[GameID "228972"]

1. e4 d6 2. d4 e6 3. Nf3 g6 4. Nc3 Bg7 5. Be2 a6 6. Bg5 Bf6 7. h4 h6 8. Bxf6 Nxf6 9. Qd2 b5 10. a3 Bb7
11. Bd3 Nbd7 12. O-O-O Qe7 13. Rde1 c5 14. dxc5 dxc5 15. e5 Nd5 16. Ne4 O-O 17. h5 g5 18. Nd6 Rab8 19. Be4 f5 20. Bxd5 Bxd5
21. Qa5 Rb6 22. Rd1 Rxd6 23. exd6 Qxd6 24. Rhe1 g4 25. Nh4 Ne5 26. Rxe5 Qxe5 27. Ng6 Qd6 28. Nxf8 Kxf8 29. Qc3 Qf4+ 30. Kb1 Qg5
31. Qh8+ Ke7 32. g3 Qxh5 33. Qg7+ Kd6 34. Qf8+ Kc6 35. Qa8+ Kb6= 36. Qb8+ Kc6 37. a4 bxa4 38. c4 Qg6 39. cxd5+ exd5 40. Ka2 Qe6
41. Qa8+ Kb5 42. Qb7+ Ka5 43. Ka1 Qe2 44. Qxd5 Kb5 45. Qd3+
1-0

[Event "minimini turnament"]
[Site "SchemingMind.com"]
[Date "2009.12.02"]
[Round "-"]
[White "capablanca"]
[Black "somar96"]
[Result "0-1"]
[WhiteCountry "GER"]
[BlackCountry "POL"]
[WhiteElo "1616"]
[WhiteRD "52"]
[BlackElo "1914"]
[BlackRD "62"]
[GameID "228973"]

1. e4 c5 2. Nf3 Nc6 3. d4 cxd4 4. Nxd4 g6 5. Nc3 Bg7 6. Be3 Nf6 7. f3 O-O 8. Bd3 d5 9. exd5 Nxd5 10. Nxc6 bxc6
11. Nxd5 cxd5 12. Rb1 e5 13. O-O Be6 14. b3 a5 15. Qd2 d4 16. Bh6 Qb6 17. Bxg7 Kxg7 18. Kh1 Rfc8 19. Rfe1 f6 20. b4 axb4
21. Rxb4 Qc5 22. Rb5 Qd6 23. Rb7+ Rc7 24. Rxc7+ Qxc7 25. Rb1 Rxa2 26. Be4 Ra7 27. h4 f5 28. Bd3 Rb7 29. Rxb7 Qxb7 30. c3 dxc3
31. Qxc3 Kf6 32. f4 Qd5 33. fxe5+ Qxe5 34. Qxe5+= Kxe5 35. g3 Kd4 36. Bb5 Ke3 37. Bc6 Bc4 38. Kg1 Bd3 39. Bd5 Be4 40. Bg8 h6
41. Bf7 g5 42. hxg5 hxg5 43. Kh2 Kf2 44. Bg6 g4 45. Bh7 Bd3 46. Bg8 f4 47. gxf4 g3+
0-1

[Event "minimini turnament"]
[Site "SchemingMind.com"]
[Date "2009.12.02"]
[Round "-"]
[White "XTC"]
[Black "somar96"]
[Result "1-0"]
[WhiteCountry "COL"]
[BlackCountry "POL"]
[WhiteElo "1818"]
[WhiteRD "48"]
[BlackElo "1890"]
[BlackRD "56"]
[GameID "228974"]

1. e4 c5 2. Nf3 Nc6 3. d4 cxd4 4. Nxd4 g6 5. Nc3 Bg7 6. Be3 Nf6 7. Bc4 O-O 8. Bb3 d6 9. Nxc6 bxc6 10. Qd3 a5
11. Rd1 Ba6 12. Qd2 Nd7 13. Bh6 Nc5 14. h4 Bf6 15. Bxf8 Qxf8 16. h5 Rb8 17. hxg6 hxg6 18. Qe3 Qg7 19. Rh3 Rb4 20. f3 a4
21. a3 Rb8 22. Nxa4 Nxa4 23. Bxa4 Rxb2 24. Qa7 Bc3+ 25. Kf2 Bc8 26. Qa8 Qf8 27. Rhh1 Be6 28. Qxc6 Bg7 29. Rd3 Qb8 30. f4 Qb6+
31. Qxb6 Rxb6 32. Bb3 Bd7 33. Kf3 Bb5 34. c4 Bc6 35. Ke3 Bb7 36. g4 Ba6 37. g5 Bb7 38. Rb1 f5 39. gxf6 Bxf6 40. c5+ Rxb3
41. Rbxb3 Ba6 42. cxd6 Bxd3 43. d7 e5 44. Rb8+ Kg7 45. fxe5 Bxe5 46. d8=Q Bxb8 47. Kxd3
1-0

[Event "minimini turnament"]
[Site "SchemingMind.com"]
[Date "2009.12.01"]
[Round "-"]
[White "MOIMOI"]
[Black "somar96"]
[Result "0-1"]
[WhiteCountry "POL"]
[BlackCountry "POL"]
[WhiteElo "1575"]
[WhiteRD "53"]
[BlackElo "1914"]
[BlackRD "62"]
[GameID "228975"]

1. Nf3 c5 2. g3 Nc6 3. b3 e5 4. d3 Nf6 5. Bb2 d6 6. Bg2 h6 7. c4 Be6 8. a3 g5 9. h4 g4 10. Nfd2 Bg7
11. O-O O-O 12. Bxc6 bxc6 13. Ne4 Nxe4 14. dxe4 h5 15. f4 gxf3 16. exf3 f5 17. exf5 Rxf5 18. Nd2 d5 19. Re1 Qe7 20. Qc2 Raf8
21. Qd3 Qf7 22. Rf1 Qg6 23. Kh2 Qh6 24. Rab1 R8f7 25. Bc1 Qg6 26. Qe2 e4 27. f4 Bc3 28. Bb2 Bxd2 29. Qxd2 d4 30. Rg1 R5f6
31. Qe2 Bg4 32. Qd2 e3 33. Qa5 Qc2+ 34. Rg2 Qxb1 35. Qxc5 Bf3 36. Bxd4 Bxg2 37. Kxg2 Qe4+ 38. Kg1 e2 39. Qg5+ Rg6 40. Qd8+ Rf8
0-1

[Event "minimini turnament"]
[Site "SchemingMind.com"]
[Date "2009.12.02"]
[Round "-"]
[White "keen"]
[Black "capablanca"]
[Result "0-1"]
[WhiteCountry "SCO"]
[BlackCountry "GER"]
[WhiteElo "1604"]
[WhiteRD "56"]
[BlackElo "1616"]
[BlackRD "52"]
[GameID "229002"]

1. e4 c5 2. Nc3 g6 3. f4 Bg7 4. Nf3 d6 5. Be2 Nf6 6. O-O O-O 7. d3 Nc6 8. h3 e6 9. g4 a6 10. Rf2 b5
11. Rg2 Bb7 12. h4 Nd4 13. Nxd4 cxd4 14. Nb1 Nd7 15. f5 Qxh4 16. Bf4 Be5 17. Rh2 Qe7 18. Bxe5 Nxe5 19. Qd2 exf5 20. gxf5 d5
21. Qh6 f6 22. Nd2 Qg7 23. Qh3 g5 24. Bh5 Rac8 25. Nf3 dxe4 26. Nxe5 fxe5 27. Rf1 Rf6 28. Kf2 Rcf8 29. Ke2 e3 30. Rg1 Rxf5
31. Rgg2 Bxg2 32. Rxg2 Rf2+ 33. Rxf2 Rxf2+ 34. Ke1 Qf6 35. Qc8+ Kg7 36. Qd7+ Kh6 37. Qh3 Rf1+ 38. Qxf1 Qxf1+ 39. Kxf1 Kxh5 40. Kg2 Kg6
41. Kf3 Kf5 42. c3 g4+
0-1

[Event "minimini turnament"]
[Site "SchemingMind.com"]
[Date "2009.12.02"]
[Round "-"]
[White "keen"]
[Black "XTC"]
[Result "0-1"]
[WhiteCountry "SCO"]
[BlackCountry "COL"]
[WhiteElo "1604"]
[WhiteRD "56"]
[BlackElo "1739"]
[BlackRD "49"]
[GameID "229003"]

1. e4 e5 2. Nf3 Nc6 3. d4 exd4 4. Bc4 Bc5 5. c3 Nf6 6. O-O d6 7. cxd4 Bb6 8. e5 Ng4 9. e6 fxe6 10. Bg5 Nf6
11. Re1 d5 12. Bb5 O-O 13. Ne5 Ne7 14. Nc3 c6 15. Ba4 Nf5 16. Ne2 Ba5 17. Rf1 h6 18. Bf4 Nd7 19. Ng6 Rf6 20. Ne5 Bc7
21. Ng4 Rf8 22. Qd2 Bxf4 23. Nxf4 Qg5 24. Bd1 Nb6 25. b3 Nxd4 26. g3 e5 27. h4 Qxg4 28. Bxg4 Bxg4 29. Qc3 Rxf4 30. gxf4 Ne2+
0-1

[Event "minimini turnament"]
[Site "SchemingMind.com"]
[Date "2009.12.01"]
[Round "-"]
[White "keen"]
[Black "MOIMOI"]
[Result "1-0"]
[WhiteCountry "SCO"]
[BlackCountry "POL"]
[WhiteElo "1604"]
[WhiteRD "56"]
[BlackElo "1575"]
[BlackRD "53"]
[GameID "229004"]

1. d4 Nf6 2. e3 g6 3. b3 d6 4. Bb2 Bg7 5. Nf3 O-O 6. Be2 Bf5 7. O-O Nbd7 8. Nh4 e6 9. Nxf5 exf5 10. c4 c5
11. Nd2 Nh5 12. Bxh5 gxh5 13. Qxh5 Qf6 14. Rab1 Qg6 15. Qf3 cxd4 16. exd4 b6 17. Rfe1 Rae8 18. Qc6 Rd8 19. Re3 Bh6 20. Rg3 Bg5
21. h4 f6 22. hxg5 fxg5 23. Nf3 g4 24. Nh2 f4 25. Rxg4 Nf6 26. Rxg6+ hxg6 27. Re1 Ne8 28. Ng4 f3 29. Qd5+ Rf7 30. Nh6+
1-0

[Event "minimini turnament"]
[Site "SchemingMind.com"]
[Date "2009.12.01"]
[Round "-"]
[White "keen"]
[Black "somar96"]
[Result "0-1"]
[WhiteCountry "SCO"]
[BlackCountry "POL"]
[WhiteElo "1604"]
[WhiteRD "56"]
[BlackElo "1914"]
[BlackRD "62"]
[GameID "229005"]

1. e4 d5 2. exd5 Qxd5 3. Nc3 Qd6 4. g3 Nf6 5. Bg2 e5 6. d3 Nc6 7. Nge2 Be6 8. O-O Be7 9. Bd2 O-O 10. Re1 Rad8
11. Nb5 Qd7 12. Nbc3 Bb4 13. a3 Ba5 14. b4 Bb6 15. Na4 Bd5 16. Nxb6 axb6 17. Bxd5 Nxd5 18. Qc1 f6 19. Kg2 Kh8 20. Qb2 Nde7
21. Rad1 h5 22. Qc1 Nd4 23. Nxd4 Qxd4 24. Re4 Qd5 25. Kg1 Nf5 26. f3 Kh7 27. g4 hxg4 28. fxg4 Nd4 29. Rf1 Qxe4
0-1

[Event "minimini turnament"]
[Site "SchemingMind.com"]
[Date "2009.12.02"]
[Round "-"]
[White "capablanca"]
[Black "keen"]
[Result "0-1"]
[WhiteCountry "GER"]
[BlackCountry "SCO"]
[WhiteElo "1616"]
[WhiteRD "52"]
[BlackElo "1604"]
[BlackRD "56"]
[GameID "229006"]

1. e4 c5 2. Nf3 g6 3. d4 cxd4 4. Nxd4 Bg7 5. Nc3 Nc6 6. Be3 Nf6 7. f3 O-O 8. Bd3 d6 9. Qd2 Bd7 10. O-O-O Rc8
11. Kb1 a6 12. Bh6 Nxd4 13. Bxg7 Kxg7 14. Qe3 Nc6 15. g4 Nb4 16. Be2 Be6 17. b3 Qa5 18. a4 b5
0-1

[Event "minimini turnament"]
[Site "SchemingMind.com"]
[Date "2009.12.02"]
[Round "-"]
[White "XTC"]
[Black "keen"]
[Result "1-0"]
[WhiteCountry "COL"]
[BlackCountry "SCO"]
[WhiteElo "1739"]
[WhiteRD "49"]
[BlackElo "1604"]
[BlackRD "56"]
[GameID "229007"]

1. e4 c5 2. Nf3 g6 3. d4 cxd4 4. Nxd4 Bg7 5. c4 Nc6 6. Nb3 Nf6 7. Nc3 O-O 8. Be2 a6 9. O-O e6 10. Bg5 Qc7
11. f4 d6 12. Qd2 Nd7 13. f5 exf5 14. Nd5 Qb8 15. exf5 Nde5 16. f6 Bh8 17. Nb6 Ra7 18. Rad1 Rd8 19. c5 Be6 20. cxd6 Nd7
21. Nxd7 Rxd7 22. Nc5 Qe8 23. Nxd7 Qxd7 24. a3 Ra8 25. Qc3 Rc8 26. Bf3 Na7 27. Qe3 Nb5 28. Qb6 Rd8 29. Bxb7 Nxd6 30. Bxa6 h6
31. Bxh6 Bf5 32. Bf4 Qe6 33. Qxd8+ Kh7= 34. Rxd6
1-0

[Event "minimini turnament"]
[Site "SchemingMind.com"]
[Date "2009.12.01"]
[Round "-"]
[White "MOIMOI"]
[Black "keen"]
[Result "1/2-1/2"]
[WhiteCountry "POL"]
[BlackCountry "SCO"]
[WhiteElo "1575"]
[WhiteRD "53"]
[BlackElo "1604"]
[BlackRD "56"]
[GameID "229008"]

1. Nf3 Nf6 2. b3 g6 3. Bb2 Bg7 4. g3 O-O 5. h4 d6 6. c4 Nc6 7. d4 Bg4 8. Bg2 a6 9. Nbd2 e6 10. Bh3 Ne7
11. Rb1 Qd7 12. e4 e5 13. Bxg4 Qxg4 14. dxe5 Nxe4 15. exd6 Nxd6 16. O-O Bxb2 17. Rxb2 Nef5 18. Ng5 Qd4 19. Qc1 Nxg3 20. Ndf3 Qa7
21. c5 Nxf1 22. cxd6 Ng3 23. dxc7 Nf5 24. Rc2 Rac8 25. Kg2 Qb6 26. Ne5 Nxh4+ 27. Kh3 Qd4 28. f4 Nf5 29. Rc3 Ng7 30. Rd3 Qb4
31. Ngxf7 Rxf7 32. Nxf7 Kxf7 33. Rd8 Qe4 34. Qc5 Qf3+ 35. Kh2 Qxf4+ 36. Kg1 Ne6 37. Rd7+ Kf6 38. Qe7+ Ke5 39. Qd6+ Kf6 40. Qe7+=
1/2-1/2

[Event "minimini turnament"]
[Site "SchemingMind.com"]
[Date "2009.12.01"]
[Round "-"]
[White "somar96"]
[Black "keen"]
[Result "1-0"]
[WhiteCountry "POL"]
[BlackCountry "SCO"]
[WhiteElo "1914"]
[WhiteRD "62"]
[BlackElo "1604"]
[BlackRD "56"]
[GameID "229009"]

1. e4 c5 2. Nf3 g6 3. d4 cxd4 4. Nxd4 Bg7 5. Nc3 Nc6 6. Be3 Nf6 7. Bc4 O-O 8. Bb3 Nxd4 9. Bxd4 d6 10. O-O b6
11. Bd5 Nxd5 12. exd5 Bxd4 13. Qxd4 Bf5 14. Rac1 Rc8 15. Rfe1 Qd7 16. h3 g5 17. Qd2 f6 18. Ne2 Rc5 19. c4 Rfc8 20. b3 Kf7
21. Nd4 Bg6 22. Ne6 Ra5 23. a4 h6 24. Re3 a6 25. Rce1 Re8 26. Qb4 Qb7 27. Nd4 Rc5 28. Nc6 Rxc6 29. dxc6 Qxc6 30. Qd2 Kf8
31. Rc3 Be4 32. f3 Bf5 33. Qd5 Qd7 34. Rce3 h5 35. g4 e6 36. Qd4 hxg4 37. Qxf6+ Qf7 38. Qxf7+ Kxf7 39. hxg4 Bg6 40. Kf2 e5
41. Kg3 Re6 42. a5 bxa5 43. Ra1
1-0

[Event "minimini turnament"]
[Site "SchemingMind.com"]
[Date "2009.12.02"]
[Round "-"]
[White "wom_bat"]
[Black "capablanca"]
[Result "0-1"]
[WhiteCountry "GER"]
[BlackCountry "GER"]
[WhiteElo "1557"]
[WhiteRD "88"]
[BlackElo "1616"]
[BlackRD "52"]
[GameID "229169"]

1. e4 c5 2. Nf3 g6 3. Nc3 Bg7 4. Bc4 Nc6 5. O-O d6 6. Nd5 e6 7. Nf4 Nf6 8. Re1 O-O 9. d3 Nd7 10. c3 a6
11. a4 Nce5 12. Be3 Nxc4 13. dxc4 Nb6 14. Qd3 Qd7 15. a5 Na4 16. Bd2 Nxb2
0-1

[Event "minimini turnament"]
[Site "SchemingMind.com"]
[Date "2009.12.03"]
[Round "-"]
[White "wom_bat"]
[Black "XTC"]
[Result "0-1"]
[WhiteCountry "GER"]
[BlackCountry "COL"]
[WhiteElo "1572"]
[WhiteRD "83"]
[BlackElo "1818"]
[BlackRD "48"]
[GameID "229170"]

1. e4 e5 2. Nf3 Nc6 3. Nc3 Nf6 4. d4 d6 5. Bg5 Be7 6. Bb5 O-O 7. d5 Nb8 8. O-O Bg4 9. Ne2 Bxf3 10. gxf3 c6
11. dxc6 bxc6 12. Ba4 h6 13. Be3 c5 14. Ng3 d5 15. exd5 Nxd5 16. Qd2 Nb6 17. Qxd8 Rxd8 18. Bb5 a6 19. Bd3 Nc6 20. Ne4 Nd4
21. Kg2 c4 22. c3 cxd3 23. cxd4 exd4 24. Bf4 Rac8 25. Rfd1 Nd5 26. Kg3 f5 27. Nd2 Nxf4 28. Kxf4 g6 29. Nb3 Bd6#
0-1

[Event "minimini turnament"]
[Site "SchemingMind.com"]
[Date "2009.12.02"]
[Round "-"]
[White "wom_bat"]
[Black "keen"]
[Result "0-1"]
[WhiteCountry "GER"]
[BlackCountry "SCO"]
[WhiteElo "1557"]
[WhiteRD "88"]
[BlackElo "1604"]
[BlackRD "56"]
[GameID "229171"]

1. d4 Nf6 2. c4 e6 3. Nf3 Bb4+ 4. Nc3 b6 5. Bg5 Bb7 6. Qc2 O-O 7. O-O-O d5 8. e3 dxc4 9. Bxc4 Nbd7 10. d5 Bxc3
11. Qxc3 h6 12. dxe6 hxg5 13. Nxg5 Qe7 14. exd7 Nxd7 15. Bxf7+ Rxf7 16. Nxf7 Qxf7 17. Qxc7 Rc8
0-1

[Event "minimini turnament"]
[Site "SchemingMind.com"]
[Date "2009.12.03"]
[Round "-"]
[White "wom_bat"]
[Black "MOIMOI"]
[Result "1-0"]
[WhiteCountry "GER"]
[BlackCountry "POL"]
[WhiteElo "1572"]
[WhiteRD "83"]
[BlackElo "1568"]
[BlackRD "51"]
[GameID "229172"]

1. d4 g6 2. e4 d6 3. c4 Bg7 4. Nf3 Bg4 5. Nc3 c6 6. Be2 Nf6 7. O-O Bxf3 8. Bxf3 Nbd7 9. Re1 e5 10. d5 c5
11. Nb5 Bf8 12. Bg5 Be7 13. Bh6 a6 14. Nc3 Nb6 15. b3 Ng8 16. Bg7 Bf6 17. Bxh8 Bxh8 18. Rb1 Qh4 19. b4 Rc8 20. bxc5 Nxc4
21. Qa4+ b5 22. Nxb5 axb5 23. Qxb5+ Kf8 24. Qxc4 Rxc5 25. Rb8+ Kg7 26. Qa6 Qf6 27. Rb6 Qg5 28. Rxd6 Rc3 29. a4 Rxf3 30. Kf1 Rc3
31. Rc6 Rxc6 32. dxc6 Qf6 33. Qb7 Ne7 34. c7 Qe6 35. Rd1 Qb3 36. Qxb3
1-0

[Event "minimini turnament"]
[Site "SchemingMind.com"]
[Date "2009.12.02"]
[Round "-"]
[White "wom_bat"]
[Black "somar96"]
[Result "0-1"]
[WhiteCountry "GER"]
[BlackCountry "POL"]
[WhiteElo "1572"]
[WhiteRD "83"]
[BlackElo "1890"]
[BlackRD "56"]
[GameID "229173"]

1. e4 d5 2. exd5 Qxd5 3. Nc3 Qd6 4. Nf3 Nf6 5. d4 c6 6. Be3 Bg4 7. Be2 Nbd7 8. O-O e6 9. Re1 Be7 10. Qd2 O-O
11. Rad1 Bxf3 12. Bxf3 Nd5 13. Nxd5 cxd5 14. Bf4 Qb6 15. c3 Rac8 16. Rb1 Qc6 17. Rbc1 Bd6 18. Bxd6 Qxd6 19. Qd3 a6 20. c4 dxc4
21. Qe4 b5 22. d5 Nf6 23. Qe5 Qxe5 24. Rxe5 exd5 25. Bxd5 Rfe8 26. Rxe8+ Rxe8 27. Bb7 Re6 28. Rd1 g6 29. f3 Kg7 30. Kf2 Rb6
31. Bc8 a5 32. Bd7 b4 33. Ba4 c3 34. bxc3 bxc3 35. Rc1 Rb2+
0-1

[Event "minimini turnament"]
[Site "SchemingMind.com"]
[Date "2009.12.03"]
[Round "-"]
[White "capablanca"]
[Black "wom_bat"]
[Result "1-0"]
[WhiteCountry "GER"]
[BlackCountry "GER"]
[WhiteElo "1616"]
[WhiteRD "52"]
[BlackElo "1557"]
[BlackRD "88"]
[GameID "229174"]

1. e4 e5 2. Nf3 Nf6 3. Nxe5 Nxe4 4. Qe2 d5 5. d3 f6 6. Nf3 f5 7. dxe4 fxe4 8. Nc3 Bg4 9. h3 Bh5 10. Qe3 Be7
11. Nd4
1-0

[Event "minimini turnament"]
[Site "SchemingMind.com"]
[Date "2009.12.03"]
[Round "-"]
[White "keen"]
[Black "wom_bat"]
[Result "0-1"]
[WhiteCountry "SCO"]
[BlackCountry "GER"]
[WhiteElo "1655"]
[WhiteRD "55"]
[BlackElo "1572"]
[BlackRD "83"]
[GameID "229176"]

1. d4 d5 2. e3 Nc6 3. c3 Nf6 4. Bd3 e5 5. dxe5 Nxe5 6. Bc2 Be6 7. Nd2 c5 8. Ngf3 Bd6 9. O-O Qc7 10. Re1 O-O-O
11. e4 dxe4 12. Ng5 Bg4 13. f3 exf3 14. Ndxf3 Nxf3+ 15. Nxf3 Bxh2+ 16. Kh1 Rxd1 17. Rxd1 Bg3 18. Bg5 Qc6
0-1

[Event "minimini turnament"]
[Site "SchemingMind.com"]
[Date "2009.12.03"]
[Round "-"]
[White "MOIMOI"]
[Black "wom_bat"]
[Result "0-1"]
[WhiteCountry "POL"]
[BlackCountry "GER"]
[WhiteElo "1568"]
[WhiteRD "51"]
[BlackElo "1572"]
[BlackRD "83"]
[GameID "229177"]

1. Nf3 d5 2. d4 Bg4 3. Ne5 Nf6 4. Bg5 Nbd7 5. Bxf6 Nxf6 6. h3 Bh5 7. g4 Bg6 8. Nxg6 hxg6 9. Bg2 e6 10. a3 Qd6
11. O-O Nxg4 12. f4 Ne3 13. Qd3 Nxf1 14. Bxf1 Qxf4 15. Nd2 Bd6 16. Nf3 O-O-O 17. Bg2 Qg3 18. Kf1 Rxh3 19. Bxh3 Qxh3+ 20. Kf2 Bg3+
21. Kg1 Rh8 22. Nh4 Qh2+
0-1

[Event "minimini turnament"]
[Site "SchemingMind.com"]
[Date "2009.12.03"]
[Round "-"]
[White "somar96"]
[Black "wom_bat"]
[Result "1-0"]
[WhiteCountry "POL"]
[BlackCountry "GER"]
[WhiteElo "1890"]
[WhiteRD "56"]
[BlackElo "1572"]
[BlackRD "83"]
[GameID "229178"]

1. e4 e5 2. Nf3 Nf6 3. Nxe5 Nxe4 4. Qe2 d6 5. Qxe4 dxe5 6. Qxe5+ Qe7 7. Qxe7+ Bxe7 8. Bc4 O-O 9. O-O Bf5 10. d3 Nc6
11. Be3 Nb4 12. Na3 a6 13. Rad1 Rad8 14. Rfe1 Bf6 15. Rb1 Rfe8 16. h3 b5 17. Bb3 c6 18. g4 Be6 19. Kg2 Bxb3 20. axb3 Rd5
21. Bd2 Rxe1 22. Bxe1 c5 23. Kf3 Nc6 24. Bc3 Ne5+ 25. Bxe5 Rxe5 26. c3 h5 27. Nc2 Rg5 28. Ne3 Be5 29. Ra1
1-0

[Event "minimini turnament"]
[Site "SchemingMind.com"]
[Date "2009.12.03"]
[Round "-"]
[White "cnbcad"]
[Black "capablanca"]
[Result "1-0"]
[WhiteCountry "USA"]
[BlackCountry "GER"]
[WhiteElo "1487"]
[WhiteRD "62"]
[BlackElo "1597"]
[BlackRD "55"]
[GameID "229242"]

1. Nf3 c5 2. d3 g6 3. d4 cxd4 4. Qxd4 Nf6 5. Bg5 Bg7 6. e3 O-O 7. Be2 d6 8. Qh4 Nc6 9. O-O Qb6 10. Bh6 Qxb2
11. Nbd2 Qxc2 12. Bxg7 Kxg7 13. Rac1 Qxa2 14. Bc4 Qa5 15. Ng5 Ne5 16. Nde4 h6 17. Nxf6 hxg5 18. Nh5+ gxh5 19. Qxg5+ Kh7 20. Bd3+ Kh8
21. Qxh5+ Kg8 22. Qh7#
1-0